<?xml version="1.0" encoding="UTF-8"?>
<marc:record xmlns:marc="http://www.loc.gov/MARC21/slim">
   <marc:leader>00000nam a2200000 a 4500</marc:leader>
   <marc:datafield ind1="1" ind2=" " tag="100">
      <marc:subfield code="a">Kösters, Winfried</marc:subfield>
      <marc:subfield code="4">aut</marc:subfield>
      <marc:subfield code="e">Verfasser/-in</marc:subfield>
   </marc:datafield>
   <marc:datafield ind1=" " ind2=" " tag="653">
      <marc:subfield code="a">Ratgeber</marc:subfield>
   </marc:datafield>
   <marc:datafield ind1=" " ind2=" " tag="653">
      <marc:subfield code="a">Heuschnupfen</marc:subfield>
   </marc:datafield>
   <marc:datafield ind1="0" ind2="0" tag="245">
      <marc:subfield code="a">Die verharmloste Allergie - Heuschnupfen</marc:subfield>
   </marc:datafield>
   <marc:datafield ind1="0" ind2="0" tag="245">
      <marc:subfield code="b">Konventionelle und alternative Heilmethoden
Praktische Tipps für den Alltag</marc:subfield>
   </marc:datafield>
   <marc:datafield ind1=" " ind2="1" tag="264">
      <marc:subfield code="b">Kreuz-Verl.</marc:subfield>
      <marc:subfield code="c">1995</marc:subfield>
   </marc:datafield>
   <marc:datafield ind1="1" ind2=" " tag="520">
      <marc:subfield code="a">Heuschnupfen: Über 12 Millionen Menschen im deutschen Sprachraum leiden darunter - oft ohne ernst genommen zu werden. Dieses Buch spricht direkt zum Kranken. Der Autor, selbst betroffen, stellt die sozialen und psychischen Aspekte in den Vordergrund und hilft, die alltäglichen Probleme in Familie, Freundeskreis und Arbeitswelt zu lösen. Er gibt einen Überblick zum Stand der Forschung und diskutiert Therapiemöglichkeiten und Hilfsmittel.
Mit Adressteil für Deutschland, die Schweiz und Österreich.</marc:subfield>
   </marc:datafield>
   <marc:datafield ind1="3" ind2=" " tag="024">
      <marc:subfield code="a">3268001696</marc:subfield>
   </marc:datafield>
</marc:record>
